000 00596nam a2200241Ia 4500
001 3399
005 20240113233627.0
007 ta
008 050505s a g b000 u eng u
020 _cPB
040 _aCotton College,Assam
041 _aeng
082 _a823
_bCAI
100 _aCaine, Hall .
245 0 _aThe Bondman /
_cHall Caine.
_hTextual Documents
250 _aIst ed. /
300 _a475 :
_bill ;
_c15cm .
500 _aOther information could not get.
653 _aThe Book of Stephen Orry
942 _2ddc
_cBK
999 _c3387
_d3387